Регионална библиотека "Любен Каравелов" - Русе

Ревизор (Запис номер 206645)

MARC детайли
000 -Лидер
Контролно поле с фиксирана дължина 01058nam a2200277 c 4500
003 - Код на организацията, давaща контролен номер
Контролно поле BLK
005 - Дата и час на последна редакция
Контролно поле 20210625103818.0
008 - Елементи от данни с фиксирана дължина
fixed length control field 180411b bul|||||r ||||||| ||bul||
010 ## - Наследен системен номер
LC control number KNG00216395000
040 ## - Източник на каталожния запис
Идентификатор на билиотеката - собственик на записа BLK
041 ## - Код за език
Код за езика на текст/звукозапис или на отделно заглавие Български
Код за езика КДБФ Български
080 ## - УДК
Текстов определител УДК Руска литература
УДК код - определител по УДК 821.161.1
УДК определител -22
УДК - код + определител 821.161.1-22
100 1# - Редна дума - Автор
Автор Гогол, Николай Василиевич
Авторска отговорност първи автор
R(LIN) 54566
139 ## - Редно поле
Редна дума Гогол, Николай Василиевич
Авторски знак Гог - Г 60
245 10 - Сведения за заглавието
Заглавие Ревизор
Подзаглавни данни Комедия в 5 д.
Редно поле (дума) Николай Василиевич Гогол; прев. от рус. Христо Василев Радевски.
257 ## - Страна на издаване
Страна на създаване/издаване Русия
260 ## - Област на издателските данни
Име на издателя, разпространителя и проч. Нар. култура
Година на издаване 1955
300 ## - Физическа характеристика
Страници 134 с.
Илюстрации и др. с 1 портр.
Размери/Мащаб 14 см
380 ## - Жанр
Жанр Худож. лит.
700 1# - Други автори (авторска отговорност)
Лично име Радевски, Христо Василев
Автороска отговорност (Описва отношението между автора и произведението) прев. от рус.
9 (RLIN) 366130
852 ## - Местоположение
Форматна сигнатура Цб 8.170.46946
856 4# - Електронен адрес и достъп
Електронен формат pdf - файл
856 4# - Електронен адрес и достъп
Електронен формат pdf - файл
999 ## - СИСТЕМНИ КОНТРОЛНИ НОМЕРА
Koha biblionumber 206645
Koha biblioitemnumber 206645
942 ## - АРТИКУЛИ
Вид на библиотечния материал Книги
Скрит в OPAC Не
Периодичен библиозапис Да
944 ## - СЪЗДАВАНЕ И РЕДАКЦИЯ на ЗАПИСА
Създаване/Редакция Създаване
Дата на регистрацията/редакция 26.02.2018
Служител, извършил регистрацията/редакцията Кети_Илиева
944 ## - СЪЗДАВАНЕ И РЕДАКЦИЯ на ЗАПИСА
Създаване/Редакция Редакция
Дата на регистрацията/редакция 26.02.2018
Служител, извършил регистрацията/редакцията Кети_Илиева
999 ## - СИСТЕМНИ КОНТРОЛНИ НОМЕРА
Koha biblioitemnumber 206645
Наличности
Код за отписване Код за изгубен артикул Източник на класификационната схема Код за повреда Коз за рестрикции Код за отдаване Артикулен № Име на библиотеката - собственик Име на библиотеката, в която се намира в момента Статус (Текущо местоположение) Дата на вписване в системата Местоположение - отдел Цена в лева Инвентарен номер Систематично азбучна сигнатура Баркод Номер на екземпляра Цена в евро Служебна бележка Служебен тип на артикула
Изтеглен Не е изгубен Universal Decimal Classification Не е повреден без рестрикции заемане за дома 355882 Регионална библиотека "Любен Каравелов" Русе Регионална библиотека "Любен Каравелов" Русе Заемна - подръчен фонд 1955-01-01 Заемна - подръчен фонд 0.00 916/56 П 882-2/Г 60 916/56 1 0.00 Вид: Сф Дата: 01.01.1955 Книги
  Не е изгубен Universal Decimal Classification Не е повреден без рестрикции ползва се в читалня 355883 Регионална библиотека "Любен Каравелов" Русе Регионална библиотека "Любен Каравелов" Русе Хранилище 1955-01-01 Основен фонд - ползва се само за читалня 0.20 917/56 Цб 8.170.46946 900000067403 2 0.10 Вид: Сф Дата: 01.01.1955 Книги
Изтеглен Не е изгубен Universal Decimal Classification Не е повреден без рестрикции заемане за дома 355884 Регионална библиотека "Любен Каравелов" Русе Регионална библиотека "Любен Каравелов" Русе Заемна - подръчен фонд 1955-01-01 Заемна - подръчен фонд 0.00 918/56 П 882-2/Г 60 918/56 3 0.00 Вид: Сф Дата: 01.01.1955 Книги
Изтеглен Не е изгубен Universal Decimal Classification Не е повреден без рестрикции заемане за дома 355885 Регионална библиотека "Любен Каравелов" Русе Регионална библиотека "Любен Каравелов" Русе Заемна - подръчен фонд 1955-01-01 Заемна - подръчен фонд 2.00 919/56 П 882-2/Г 60 919/56 4 1.02 Вид: Сф Дата: 01.01.1955 Дата инв: 26.02.2018 Бележки инв: П2018 Книги
Vip Innovations Ltd, Rousse, Bulgaria 2025